LEADER 01458nam a2200385 i 4500 001 991002221799707536 007 cr nn 008mamaa 008 121227s2003 de | s |0|| 0|eng d 020 $a9783540449454 035 $ab14140238-39ule_inst 040 $aBibl. Dip.le Aggr. Matematica e Fisica - Sez. Matematica$beng 082 04$a515.5$223 084 $aAMS 33-01 084 $aAMS 42C05 084 $aLC QA3.L28 245 00$aOrthogonal polynomials and special functions$h[e-book] :$bLeuven 2002 /$cErik Koelink, Walter Van Assche (eds.) 260 $aBerlin :$bSpringer,$cc2003 300 $a1 online resource (x, 249 p.) 440 0$aLecture notes in mathematics,$x0075-8434 ;$v1817 650 0$aMathematics 650 0$aTopological Groups 650 0$aFourier analysis 650 0$aDifferential Equations 650 0$aFunctions, special 650 0$aComputer science 650 0$aCombinatorics 700 1 $aKoelink, Erik$eauthor$4http://id.loc.gov/vocabulary/relators/aut$0149639 700 1 $aAssche, Walter$eauthor$4http://id.loc.gov/vocabulary/relators/aut$0478915 773 0 $aSpringer eBooks 856 40$uhttp://dx.doi.org/10.1007/b12166$zAn electronic book accessible through the World Wide Web 907 $a.b14140238$b03-03-22$c05-09-13 912 $a991002221799707536 996 $aOrthogonal polynomials and special functions$93370224 997 $aUNISALENTO 998 $ale013$b05-09-13$cm$d@ $e-$feng$gde $h0$i0 LEADER 03432nam 22006255 450 001 9910741138303321 005 20230810190620.0 010 $a9783319471815 010 $a3319471813 024 7 $a10.1007/978-3-319-47181-5 035 $a(CKB)3710000001010749 035 $a(DE-He213)978-3-319-47181-5 035 $a(MiAaPQ)EBC4778957 035 $a(Perlego)3492088 035 $a(EXLCZ)993710000001010749 100 $a20170106d2016 u| 0 101 0 $aeng 135 $aurnn|008mamaa 181 $ctxt$2rdacontent 182 $cc$2rdamedia 183 $acr$2rdacarrier 200 10$aApplied Discourse Analysis $ePopular Culture, Media, and Everyday Life /$fby Arthur Asa Berger 205 $a1st ed. 2016. 210 1$aCham :$cSpringer International Publishing :$cImprint: Palgrave Macmillan,$d2016. 215 $a1 online resource (VIII, 201 p. 36 illus.) 311 08$a9783319471808 311 08$a3319471805 327 $aIntroduction: Li'l Abner and Critical Multimodal Discourse Analysis -- 1. Communication: What Objects Tell Us -- 2. Language: Speed Dating -- 3. Metaphor: Love is a Game -- 4. Words: Freud on Dreams -- 5. Images: Advertising -- 6. Signs: Fashion -- 7. Narratives: Fairy Tales -- 8. Texts: Hamlet -- 9. Myths: The Myth Model -- 10. Genres: Uses and Gratifications -- 11. Humor: Jokes -- 12. Intertextuality: Parody -- 13. Rituals: Smoking -- 14. Lifestyles: Grid-Group Theory -- 15. Sacred and Profane: Department Stores and Cathedrals -- 16. Ideology: The Prisoner -- 17. Culture: Identity -- 18. Nobrow Culture: The Maltese Falcon. 330 $aThis book, written in an accessible style and illustrated with drawings by the author and with many other images, discusses the basic principles of discourse theory and applies them to various aspects of popular culture, media and everyday life. Among the topics it analyzes are speed dating, advertising, jokes, language use, myths, fairy tales and material culture. Arthur Asa Berger is Professor Emeritus of Broadcast and Electronic Communication Arts at San Francisco State University, USA. He has published more than seventy books on media, popular culture, humor, semiotics and tourism. He was a Fulbright lecturer in Italy in 1963 and has lectured in countries such as Iran, China, Indonesia, Germany, and Argentina. He was elected to the University of Iowa School of Journalism and Mass Communication Hall of Fame in 2009. 606 $aCommunication 606 $aLinguistics$xMethodology 606 $aCulture$xStudy and teaching 606 $aPopular culture 606 $aMotion pictures 606 $aMedia and Communication 606 $aResearch Methods in Language and Linguistics 606 $aCultural Theory 606 $aPopular Culture 606 $aAudio-Visual Culture 615 0$aCommunication. 615 0$aLinguistics$xMethodology. 615 0$aCulture$xStudy and teaching. 615 0$aPopular culture. 615 0$aMotion pictures. 615 14$aMedia and Communication. 615 24$aResearch Methods in Language and Linguistics. 615 24$aCultural Theory. 615 24$aPopular Culture. 615 24$aAudio-Visual Culture. 676 $a302.23 700 $aBerger$b Arthur Asa$4aut$4http://id.loc.gov/vocabulary/relators/aut$0320760 906 $aBOOK 912 $a9910741138303321 996 $aApplied Discourse Analysis$93553589 997 $aUNINA